000 01060nam a2200265 a 4500
001 000011155
005 20250204092150.0
008 091014s1992 dr 000 p spa d
040 _aDO-SdBNP
_bspa
_cBNPHU
082 _aRD861.44
_bS211r
100 1 _aSánchez Lamouth, Juan,
_d1929-1968
_920547
245 1 0 _aResplandor de relámpago :
_bobra completa de Juan Sánchez Lamouth /
_cJuan Sánchez Lamouth ; compilación Julio Jaime Julia.
260 _aSanto Domingo :
_bUASD,
_c1992.
300 _av. ;
_c21 cm.
490 1 _aPublicaciones de la Universidad Autónoma de Santo Domingo
_v283
490 1 _aArte y sociedad
_v34
500 _aLa biblioteca posee v.1
590 _aInventariado, 2019 / DG
650 0 _aPoesía dominicana
_966
650 0 _aLiteratura dominicana.
_967
700 1 2 _aJulia, Julio Jaime
_d1922-1993
_ecomp.
_920185
710 1 _aUniversidad Autónoma de Santo Domingo
_972951
830 0 _aPublicaciones de la Universidad Autónoma de Santo Domingo
_v283
_pArte y sociedad
_n34
_926665
910 _aValidado. Control de calidad MFF
999 _c10880
_d10880